| 000 | 00723nam a22002057a 4500 | ||
|---|---|---|---|
| 005 | 20100804102559.0 | ||
| 010 | _aENG-97975 | ||
| 020 |
_a9788190792325 _c100.00 |
||
| 035 | _aEN-81508 | ||
| 037 | _bDBAD/PUB | ||
| 082 | _a581.6105 | ||
| 100 |
_aBaskaran, A. _95635 |
||
| 245 |
_aForest economic botany / _cby A. Baskaran |
||
| 260 |
_aPudukkottai _bMeerra Pathippagam _c2009 |
||
| 270 |
_a2470, South Main Street _bPudukkottai _e622001 |
||
| 300 |
_a150p. _c20cm (pbk) |
||
| 500 | _aIncludes bibliographical references | ||
| 942 |
_2ddc _cEN _h581.6105 _mBAS |
||
| 999 |
_c39088 _d39088 |
||